Statistics for Chester, Chester... or Chester

Click here to take the quiz!

General Stats

  • This quiz has been taken 25 times
    (24 since last reset)
  • The average score is 4 of 15

Answer Stats

QuestionAnswer% Correct
Is/are located in Morris County.Chester, PA
53%
Has the lowest population.Chester, NJ
37%
Also known as "Chesco".Chester, PA
37%
Has the highest unemployment rate.Chester, PA
37%
Is/are losing people.Chester, PA
37%
Is/are a county/countiesAll/none
32%
Has the lowet unemployment rate.Chester, PA
26%
Had an increase of population from 1990 by under 15 people.Chester, PA
26%
Has/have a population of under 50,000 peopleChester, PA
21%
Has no Pacific Islanders.Chester, PA
16%
Is/are located in Cheshire County.Chester, PA
11%
Has/have a population of under 1,000,000 people.Chester, PA
11%
One/ones that speak English.Chester, PA
5%
Founded as a Roman fortress.Chester, PA
5%
Has a Roman amphitheatre just a little outside of the township, county, or city.Chester, PA
5%

Score Distribution

Percentile by Number Answered

Percent of People with Each Score

Your Score History

You have not taken this quiz since the last reset